[Event "COL-chT (Women)"]
[Site "Medellin"]
[Date "2021.12.10"]
[Round "4.2"]
[White "Diaz Gonzalez, Ana Sofia"]
[Black "Varela, Maria de los Angele"]
[Result "0-1"]
[WhiteElo "1312"]
[BlackElo "1774"]
[PlyCount "150"]
[EventDate "2021.12.09"]
[EventType "team-tourn"]
[EventRounds "5"]
[EventCountry "COL"]
[SourceTitle "CBM 205 Extra"]
[Source "ChessBase"]
[SourceDate "2022.01.31"]
[SourceVersion "1"]
[SourceVersionDate "2022.01.31"]
[SourceQuality "1"]
[WhiteTeam "Antioquia Talentos (W)"]
[BlackTeam "Medellin Universidad (W)"]
[WhiteTeamCountry "COL"]
[BlackTeamCountry "COL"]

1. e4 c5 2. Nf3 e6 3. c3 d5 4. e5 Nc6 5. d4 Bd7 6. Bd3 Qb6 7. Bc2 Rc8 8. 0-0 cxd4 9. cxd4 Nb4 10. Bb3 Bb5 11. Ba4 Bxa4 12. Qxa4+ Qc6 13. Qxc6+ Rxc6 14. Nc3 Nd3 15. Rd1 Nxc1 16. Raxc1 a6 17. Na4 Nh6 18. Rxc6 bxc6 19. Kf1 Be7 20. Rc1 Kd7 21. Nc5+ Bxc5 22. Rxc5 f6 23. Ke2 Rb8 24. b3 Kc7 25. h3 Rb4 26. Kd3 Nf7 27. Kc3 Rb8 28. a3 Nd8 29. Kc2 Nf7 30. Kc3 Rf8 31. b4 Ng5 32. Nxg5 fxg5 33. f3 h5 34. Kd3 g4 35. hxg4 hxg4 36. Ke3 g5 37. Rc1 gxf3 38. gxf3 Rh8 39. Rg1 Rh5 40. Rc1 Rh2 41. Rc3 Rg2 42. Rd3 Kb6 43. Rc3 Kb5 44. Rc5+ Kb6 45. Rc3 g4 46. fxg4 Rg3+ 47. Kd2 Rxg4 48. Ke3 Rh4 49. Kd3 Rh3+ 50. Kd2 Rh2+ 51. Ke3 Ra2 52. Kf4 Rf2+ 53. Ke3 Rh2 54. Kd3 Rh8 55. Ke3 Ra8 56. Kd3 Rc8 57. a4 Rh8 58. Ke3 Rh3+ 59. Kd2 Rh2+ 60. Kd3 Rb2 61. a5+ Kb7 62. Rc5 Rxb4 63. Kc3 Rb5 64. Rxb5+ axb5 65. Kb4 Ka6 66. Kc5 Kxa5 67. Kd6 b4 68. Kxe6 b3 69. Kd7 b2 70. e6 b1Q 71. e7 Qb7+ 72. Kd6 Qc8 73. Ke5 Kb5 74. Kf6 Kc4 75. Ke5 Qe8 0-1

[Event "COL-chT (Women)"]
[Site "Medellin"]
[Date "2021.12.09"]
[Round "2.2"]
[White "Mateus, Martha"]
[Black "Varela, Maria de los Angele"]
[Result "1/2-1/2"]
[WhiteElo "2029"]
[BlackElo "1774"]
[PlyCount "81"]
[EventDate "2021.12.09"]
[EventType "team-tourn"]
[EventRounds "5"]
[EventCountry "COL"]
[SourceTitle "CBM 205 Extra"]
[Source "ChessBase"]
[SourceDate "2022.01.31"]
[SourceVersion "1"]
[SourceVersionDate "2022.01.31"]
[SourceQuality "1"]
[WhiteTeam "Liga del Valle (W)"]
[BlackTeam "Medellin Universidad (W)"]
[WhiteTeamCountry "COL"]
[BlackTeamCountry "COL"]

1. e4 c5 2. Nf3 e6 3. d4 cxd4 4. Nxd4 a6 5. c4 Nf6 6. Nc3 Bb4 7. Qd3 d6 8. Be2 Nbd7 9. f3 Ne5 10. Qc2 Bd7 11. a3 Bc5 12. Be3 Rc8 13. Rd1 0-0 14. Qd2 Qc7 15. Nc2 Rfd8 16. 0-0 Bc6 17. b4 Bxe3+ 18. Nxe3 Ng6 19. g3 h5 20. Kg2 h4 21. Rc1 Qe7 22. Rfe1 Kh7 23. Bd3 Rh8 24. Qf2 Kg8 25. b5 Bd7 26. f4 Nh5 27. Ne2 Qf6 28. Rf1 Qb2 29. bxa6 bxa6 30. Rc3 Qb7 31. Rb1 Qa8 32. Nd1 Bc6 33. Qd4 Nf6 34. Nf2 e5 35. Qe3 exf4 36. gxf4 Re8 37. Rcb3 Kh7 38. Nc3 Re7 39. Re1 Rhe8 40. Kg1 Kg8 41. Rb2 1/2-1/2

[Event "COL-chT (Women)"]
[Site "Medellin"]
[Date "2021.12.09"]
[Round "1.2"]
[White "Varela, Maria de los Angele"]
[Black "Caicedo Anguila, Juliana Andrea"]
[Result "0-1"]
[WhiteElo "1774"]
[BlackElo "1609"]
[PlyCount "134"]
[EventDate "2021.12.09"]
[EventType "team-tourn"]
[EventRounds "5"]
[EventCountry "COL"]
[SourceTitle "CBM 205 Extra"]
[Source "ChessBase"]
[SourceDate "2022.01.31"]
[SourceVersion "1"]
[SourceVersionDate "2022.01.31"]
[SourceQuality "1"]
[WhiteTeam "Medellin Universidad (W)"]
[BlackTeam "Atlantico Quintal (W)"]
[WhiteTeamCountry "COL"]
[BlackTeamCountry "COL"]

1. e4 e6 2. d4 d5 3. Nc3 Nf6 4. e5 Nfd7 5. f4 c5 6. Nce2 Nc6 7. c3 Be7 8. Nf3 0-0 9. a3 b6 10. Ng3 f6 11. Bd3 f5 12. Ng5 Bxg5 13. fxg5 cxd4 14. cxd4 Bb7 15. Bb1 Rc8 16. 0-0 g6 17. Ne2 Ba6 18. Bd3 Bxd3 19. Qxd3 Rf7 20. h4 Nf8 21. Bd2 Rfc7 22. Kf2 Qd7 23. Rh1 Qe8 24. Rh2 Nd7 25. h5 Ndxe5 26. dxe5 Nxe5 27. Qd4 Ng4+ 28. Kg1 Rc4 29. Qd3 Nxh2 30. Kxh2 Rh4+ 31. Kg1 Qa4 32. h6 Qc2 33. Qxc2 Rxc2 34. Be1 Rg4 35. Kf1 Rxg5 36. Nd4 Rxb2 37. Nxe6 Rgxg2 38. Rc1 Rbc2 39. Rd1 Rh2 40. Kg1 Rxh6 41. Rxd5 Rhh2 42. Nf4 g5 43. Nd3 Rcg2+ 44. Kf1 Ra2 45. Kg1 Rh3 46. Nb4 Raxa3 47. Rxf5 h6 48. Nd5 Rhf3 49. Re5 Rf7 50. Kg2 Ra2+ 51. Kg3 a5 52. Nxb6 Ra3+ 53. Kg2 a4 54. Ra5 Rf4 55. Nd5 Rc4 56. Ra7 Rc2+ 57. Kf1 Ra1 58. Nb4 Rh2 59. Nd3 a3 60. Kg1 Re2 61. Kf1 Re3 62. Ra8+ Kf7 63. Ra7+ Kg6 64. Rd7 a2 65. Kf2 Raxe1 66. Nxe1 Rxe1 67. Kxe1 a1Q+ 0-1

[Event "COL-ch Blitz (Women)"]
[Site "Villavicencio"]
[Date "2021.11.15"]
[Round "8"]
[White "Castano, Saray"]
[Black "Varela, Maria de los Angele"]
[Result "0-1"]
[WhiteElo "1547"]
[BlackElo "1849"]
[PlyCount "46"]
[EventDate "2021.11.15"]
[EventType "swiss (blitz)"]
[EventRounds "13"]
[EventCountry "COL"]
[SourceTitle "CBM 205 Extra"]
[Source "ChessBase"]
[SourceDate "2022.01.31"]
[SourceVersion "1"]
[SourceVersionDate "2022.01.31"]
[SourceQuality "1"]

1. e4 c5 2. Nf3 e6 3. d4 cxd4 4. Nxd4 a6 5. Nc3 Qc7 6. Be3 Bb4 7. Bd2 Nf6 8. Bd3 Bc5 9. Nb3 Ba7 10. 0-0 d6 11. Kh1 b5 12. a3 Bb7 13. Qe2 Nbd7 14. Be3 Nc5 15. Nxc5 Bxc5 16. Bxc5 dxc5 17. e5 Nd5 18. Ne4 0-0-0 19. Nd6+ Kb8 20. Be4 f5 21. Bf3 g5 22. Bxd5 Bxd5 23. Qh5 Qc6 0-1

[Event "COL-ch Rapid (Women)"]
[Site "Villavicencio"]
[Date "2021.11.14"]
[Round "4"]
[White "Varela, Maria de los Angele"]
[Black "Dominguez, Laura Lucia"]
[Result "0-1"]
[WhiteElo "1784"]
[BlackElo "1976"]
[PlyCount "68"]
[EventDate "2021.11.13"]
[EventType "swiss (rapid)"]
[EventRounds "9"]
[EventCountry "COL"]
[SourceTitle "CBM 205 Extra"]
[Source "ChessBase"]
[SourceDate "2022.01.31"]
[SourceVersion "1"]
[SourceVersionDate "2022.01.31"]
[SourceQuality "1"]

1. e4 c5 2. c3 d5 3. exd5 Qxd5 4. d4 Nc6 5. Nf3 Bf5 6. Be3 Nf6 7. c4 Qe4 8. Nc3 Qg4 9. h3 Qh5 10. Be2 cxd4 11. Nxd4 Qg6 12. Nxc6 bxc6 13. Bf3 Ne4 14. Qa4 Rc8 15. Qxa7 Nxc3 16. bxc3 e5 17. g4 Be6 18. Qb7 e4 19. Be2 Ba3 20. Rb1 0-0 21. Rb3 Bd6 22. Qa7 Rfd8 23. Bb6 Re8 24. Be3 Ra8 25. Qd4 Red8 26. Qb6 Rdc8 27. 0-0 Rxa2 28. Rd1 Bf8 29. Rd2 Rxd2 30. Bxd2 h5 31. Qe3 hxg4 32. hxg4 Bxg4 33. Bxg4 Qxg4+ 34. Kf1 Qd1+ 0-1

[Event "Medellin Raza op"]
[Site "Medellin"]
[Date "2021.10.09"]
[Round "7"]
[White "Cuervo Velasquez, Juan Manuel"]
[Black "Varela, Maria de los Angele"]
[Result "1/2-1/2"]
[WhiteElo "1296"]
[BlackElo "1790"]
[PlyCount "68"]
[EventDate "2021.10.06"]
[EventType "swiss"]
[EventRounds "9"]
[EventCountry "COL"]
[SourceTitle "EXT 2023"]
[Source "ChessBase"]
[SourceDate "2022.10.05"]
[SourceVersion "1"]
[SourceVersionDate "2022.10.05"]
[SourceQuality "1"]

1. c4 Nf6 2. Nc3 g6 3. g3 Bg7 4. Bg2 0-0 5. d4 d6 6. Nf3 c5 7. 0-0 Nc6 8. e3 a6 9. b3 Rb8 10. a4 Nb4 11. Qe2 Bf5 12. e4 cxd4 13. exf5 dxc3 14. fxg6 hxg6 15. Ba3 a5 16. h4 Re8 17. Ng5 Qd7 18. Rac1 Nc6 19. Rxc3 Nh7 20. Rd3 Nxg5 21. hxg5 Qf5 22. Rd5 Be5 23. Qd2 e6 24. Rd3 Rbd8 25. Bxc6 bxc6 26. f4 Bg7 27. Bxd6 Rd7 28. c5 Bf8 29. Rd1 Red8 30. Qxa5 Bxd6 31. Rxd6 Rxd6 32. Rxd6 Rxd6 33. Qa8+ Kg7 34. cxd6 Qc5+ 1/2-1/2

[Event "Medellin Raza op"]
[Site "Medellin"]
[Date "2021.10.08"]
[Round "5"]
[White "Ruiz Agudelo, Jeronimo"]
[Black "Varela, Maria de los Angele"]
[Result "0-1"]
[WhiteElo "1648"]
[BlackElo "1790"]
[PlyCount "28"]
[EventDate "2021.10.06"]
[EventType "swiss"]
[EventRounds "9"]
[EventCountry "COL"]
[SourceTitle "EXT 2023"]
[Source "ChessBase"]
[SourceDate "2022.10.05"]
[SourceVersion "1"]
[SourceVersionDate "2022.10.05"]
[SourceQuality "1"]

1. e4 c5 2. Nf3 e6 3. d4 cxd4 4. Nxd4 a6 5. Bd3 Bc5 6. Nb3 Ba7 7. 0-0 Nc6 8. Nc3 Nf6 9. Kh1 Ne5 10. h3 Nfg4 11. Qe2 Qh4 12. Kg1 Qg3 13. hxg4 Nxg4 14. Bf4 Qxf4 0-1

[Event "Central America Carribean-ch U20 Girls"]
[Site "Pereira"]
[Date "2021.09.25"]
[Round "7"]
[White "Varela, Maria de los Angele"]
[Black "Olier Robayo, Mishelle Dayana"]
[Result "1-0"]
[WhiteElo "1826"]
[BlackElo "1397"]
[PlyCount "67"]
[EventDate "2021.09.21"]
[EventType "swiss"]
[EventRounds "9"]
[EventCountry "COL"]
[SourceTitle "EXT 2023"]
[Source "ChessBase"]
[SourceDate "2022.10.05"]
[SourceVersion "1"]
[SourceVersionDate "2022.10.05"]
[SourceQuality "1"]

1. e4 c5 2. c3 Nf6 3. e5 Nd5 4. d4 cxd4 5. Nf3 Nc6 6. Bc4 Nb6 7. Bb3 d6 8. exd6 Qxd6 9. 0-0 g6 10. Ng5 e6 11. Qf3 Qe7 12. Ne4 h6 13. Nf6+ Kd8 14. Rd1 Bg7 15. Ne4 Ke8 16. Bf4 e5 17. Bxf7+ Kd8 18. cxd4 exf4 19. Bxg6 Rf8 20. Nbc3 Qh4 21. h3 Ne7 22. Bh5 Ned5 23. Nxd5 Nxd5 24. Nc5 Qg5 25. h4 Qf5 26. Bg6 Qxg6 27. Qxd5+ Kc7 28. Rac1 Kb8 29. Nd7+ Bxd7 30. Qxd7 a6 31. Rc7 Ra7 32. Rdc1 Qf5 33. Rc8+ Rxc8 34. Rxc8# 1-0

[Event "Central America Carribean-ch U20 Girls"]
[Site "Pereira"]
[Date "2021.09.22"]
[Round "3"]
[White "Caicedo Anguila, Juliana Andrea"]
[Black "Varela, Maria de los Angele"]
[Result "0-1"]
[WhiteElo "1583"]
[BlackElo "1826"]
[PlyCount "52"]
[EventDate "2021.09.21"]
[EventType "swiss"]
[EventRounds "9"]
[EventCountry "COL"]
[SourceTitle "EXT 2023"]
[Source "ChessBase"]
[SourceDate "2022.10.05"]
[SourceVersion "1"]
[SourceVersionDate "2022.10.05"]
[SourceQuality "1"]

1. d4 Nf6 2. c4 g6 3. Nc3 Bg7 4. e4 d6 5. f3 0-0 6. Be3 c5 7. d5 e6 8. Qd2 exd5 9. cxd5 a6 10. a4 Re8 11. Nge2 Nbd7 12. Ng3 Ne5 13. Be2 h5 14. 0-0 h4 15. Nh1 h3 16. g3 Bd7 17. Nf2 b5 18. axb5 axb5 19. b4 cxb4 20. Na2 b3 21. Nb4 Nc4 22. Bxc4 bxc4 23. Bd4 Rxa1 24. Rxa1 Nh7 25. Rc1 Ng5 26. Rc3 b2 0-1

[Event "COL-ch Cat B/C U2200"]
[Site "Medellin"]
[Date "2021.06.13"]
[Round "5"]
[White "Varela, Maria de los Angele"]
[Black "Lopez Ramirez, Daniel Giovanny"]
[Result "0-1"]
[WhiteElo "1852"]
[BlackElo "1812"]
[PlyCount "54"]
[EventDate "2021.06.10"]
[EventType "swiss"]
[EventRounds "7"]
[EventCountry "COL"]
[SourceTitle "EXT 2022"]
[Source "ChessBase"]
[SourceDate "2021.10.06"]
[SourceVersion "1"]
[SourceVersionDate "2021.10.06"]
[SourceQuality "1"]

1. e4 d6 2. Nf3 Nf6 3. Nc3 e5 4. Bc4 Be7 5. d3 h6 6. h3 c6 7. Bb3 0-0 8. 0-0 Nbd7 9. a3 Nc5 10. Ba2 Be6 11. Qe2 Bxa2 12. Rxa2 Ne6 13. Be3 d5 14. Bc1 d4 15. Nb1 Nd7 16. Nh2 f5 17. exf5 Rxf5 18. Bxh6 Bg5 19. Bxg5 Rxg5 20. Ng4 Nf6 21. g3 Qd5 22. c4 dxc3 23. Nxc3 Nd4 24. Qe4 Qe6 25. Nxf6+ gxf6 26. Qg2 Ne2+ 27. Nxe2 Qxa2 0-1

[Event "COL-ch Cat B/C U2200"]
[Site "Medellin"]
[Date "2021.06.12"]
[Round "4"]
[White "Varela, Maria de los Angele"]
[Black "Chirivi Castiblanco, Jenny Astrid"]
[Result "0-1"]
[WhiteElo "1852"]
[BlackElo "2083"]
[PlyCount "100"]
[EventDate "2021.06.10"]
[EventType "swiss"]
[EventRounds "7"]
[EventCountry "COL"]
[SourceTitle "EXT 2022"]
[Source "ChessBase"]
[SourceDate "2021.10.06"]
[SourceVersion "1"]
[SourceVersionDate "2021.10.06"]
[SourceQuality "1"]

1. e4 c5 2. c3 Nf6 3. e5 Nd5 4. d4 cxd4 5. Nf3 e6 6. Qxd4 Nc6 7. Qe4 f5 8. Qc2 Qc7 9. Qe2 g6 10. Nbd2 Bg7 11. Nc4 0-0 12. a4 b6 13. Nd4 Nxe5 14. Nb5 Qxc4 15. Qxc4 Nxc4 16. Bxc4 Bb7 17. 0-0 Be5 18. Re1 Bb8 19. Bh6 Rc8 20. Bb3 a6 21. Nd4 Bd6 22. Rad1 Bf8 23. Bg5 h6 24. Bc1 Re8 25. Nf3 Kg7 26. Be3 b5 27. Bd4+ Kh7 28. c4 bxc4 29. Bxc4 Rac8 30. Bb3 Bb4 31. Bc3 Bd6 32. Be5 Bf8 33. h4 d6 34. Bd4 Nf4 35. a5 Bxf3 36. gxf3 e5 37. Be3 Rb8 38. Bc4 g5 39. Bxa6 Rxb2 40. hxg5 hxg5 41. Rc1 Ra8 42. Rc7+ Kg6 43. Rc6 Kf6 44. Bb6 Nd5 45. Bb7 Re8 46. Rcc1 Nxb6 47. a6 Na8 48. Re3 g4 49. fxg4 Bh6 50. Bc6 Rd8 0-1

[Event "COL-ch Cat B/C U2200"]
[Site "Medellin"]
[Date "2021.06.11"]
[Round "2"]
[White "Ospina Castro, Santiago"]
[Black "Varela, Maria de los Angele"]
[Result "1-0"]
[WhiteElo "1947"]
[BlackElo "1852"]
[PlyCount "53"]
[EventDate "2021.06.10"]
[EventType "swiss"]
[EventRounds "7"]
[EventCountry "COL"]
[SourceTitle "EXT 2022"]
[Source "ChessBase"]
[SourceDate "2021.10.06"]
[SourceVersion "1"]
[SourceVersionDate "2021.10.06"]
[SourceQuality "1"]

1. Nf3 Nf6 2. b3 g6 3. Bb2 Bg7 4. g3 0-0 5. Bg2 d6 6. d4 c5 7. c4 a6 8. 0-0 Nc6 9. d5 Na5 10. Nbd2 b5 11. e4 Rb8 12. Bc3 e6 13. Qc1 exd5 14. exd5 b4 15. Bb2 Nb7 16. Re1 Re8 17. a3 a5 18. Bf1 Bf5 19. axb4 cxb4 20. Nd4 Bd7 21. Rxe8+ Qxe8 22. Bd3 Nc5 23. Bc2 Ra8 24. Ra2 h5 25. Qa1 Nh7 26. N2f3 Qd8 27. h4 1-0

[Event "COL-ch Cat B/C U2200"]
[Site "Medellin"]
[Date "2021.06.10"]
[Round "1"]
[White "Coca Cubillos, Jesus Alberto"]
[Black "Varela, Maria de los Angele"]
[Result "1-0"]
[WhiteElo "2055"]
[BlackElo "1852"]
[PlyCount "101"]
[EventDate "2021.06.10"]
[EventType "swiss"]
[EventRounds "7"]
[EventCountry "COL"]
[SourceTitle "EXT 2022"]
[Source "ChessBase"]
[SourceDate "2021.10.06"]
[SourceVersion "1"]
[SourceVersionDate "2021.10.06"]
[SourceQuality "1"]

1. f4 Nf6 2. Nf3 g6 3. e3 Bg7 4. d4 d6 5. c3 Nbd7 6. Bd3 c6 7. 0-0 0-0 8. f5 e5 9. fxe6 fxe6 10. e4 e5 11. Nbd2 Qe7 12. a4 Nh5 13. Nc4 Nf4 14. Bc2 Nb6 15. Nxb6 axb6 16. Be3 c5 17. Qd2 g5 18. g3 Nh3+ 19. Kg2 h6 20. dxe5 dxe5 21. Bb3+ Kh7 22. Bd5 Bg4 23. b3 Rf6 24. Qd3 Raf8 25. Nd2 Rg6 26. Rxf8 Qxf8 27. Rf1 Qc8 28. Rf7 Nf4+ 29. Bxf4 gxf4 30. Nc4 Bh3+ 31. Kf2 fxg3+ 32. hxg3 Qe8 33. Rf3 Rf6 34. Rxf6 Bxf6 35. Qf3 Qg6 36. Nxb6 Bg4 37. Qd3 h5 38. Bxb7 h4 39. Bc8 Bxc8 40. Nxc8 hxg3+ 41. Kg2 Qg4 42. Nb6 Qf4 43. Qe2 Qh4 44. Kg1 Bg5 45. Nd5 Bd8 46. b4 cxb4 47. cxb4 Qg5 48. a5 Qg6 49. Qf3 Kh6 50. Qf8+ Kh7 51. Qxd8 1-0

[Event "Medellin Antioquia 2nd League"]
[Site "Medellin"]
[Date "2021.??.??"]
[Round "3"]
[White "Manrique Bermudez, Josue"]
[Black "Varela, Maria de los Angele"]
[Result "0-1"]
[WhiteElo "1286"]
[BlackElo "1826"]
[PlyCount "36"]
[EventDate "2021.08.31"]
[EventType "swiss"]
[EventRounds "7"]
[EventCountry "COL"]
[SourceTitle "CBM 204 Extra"]
[Source "ChessBase"]
[SourceDate "2021.11.30"]
[SourceVersion "1"]
[SourceVersionDate "2021.11.30"]
[SourceQuality "1"]

1. d4 Nf6 2. c4 g6 3. Nc3 Bg7 4. e4 d6 5. f3 0-0 6. Be3 c5 7. d5 Nbd7 8. Nh3 Ne5 9. Nf2 e6 10. Be2 exd5 11. cxd5 Qa5 12. 0-0 h5 13. Qd2 a6 14. a4 Qc7 15. h3 Nh7 16. Nd3 Nc4 17. Qc1 Nxe3 18. Qxe3 Bd4 0-1

[Event "Medellin Antioquia 2nd League"]
[Site "Medellin"]
[Date "2021.??.??"]
[Round "4"]
[White "Varela, Maria de los Angele"]
[Black "Loaiza Cuervo, Santiago"]
[Result "0-1"]
[WhiteElo "1826"]
[BlackElo "1745"]
[PlyCount "40"]
[EventDate "2021.08.31"]
[EventType "swiss"]
[EventRounds "7"]
[EventCountry "COL"]
[SourceTitle "CBM 204 Extra"]
[Source "ChessBase"]
[SourceDate "2021.11.30"]
[SourceVersion "1"]
[SourceVersionDate "2021.11.30"]
[SourceQuality "1"]

1. e4 c5 2. c3 e5 3. d4 exd4 4. cxd4 cxd4 5. Qxd4 Nc6 6. Qe3 Nf6 7. Nc3 Bb4 8. Bd3 0-0 9. Qg3 Re8 10. Bh6 g6 11. 0-0-0 Bxc3 12. bxc3 Qa5 13. Kb2 d5 14. exd5 Nxd5 15. Bc4 Be6 16. Qf3 Rad8 17. Nh3 Ne5 18. Rxd5 Bxd5 19. Qf6 Qb6+ 20. Qxb6 Nxc4+ 0-1

[Event "Medellin Aristizabal Cup"]
[Site "Medellin"]
[Date "2019.01.25"]
[Round "5"]
[White "Romero Valencia, Miguel Angel"]
[Black "Varela, Maria de los Angele"]
[Result "0-1"]
[WhiteElo "1619"]
[BlackElo "1772"]
[PlyCount "62"]
[EventDate "2019.01.24"]
[EventType "swiss"]
[EventRounds "7"]
[EventCountry "COL"]
[SourceTitle "EXT 2020"]
[Source "ChessBase"]
[SourceDate "2019.10.17"]
[SourceVersion "1"]
[SourceVersionDate "2019.10.17"]
[SourceQuality "1"]

1. d4 Nf6 2. c4 g6 3. Nc3 Bg7 4. e4 d6 5. Nf3 0-0 6. Be2 e5 7. 0-0 Nc6 8. d5 Ne7 9. Bg5 Ne8 10. Qd2 f6 11. Bh4 Qd7 12. b4 f5 13. Ng5 Bh6 14. Qd1 Ng7 15. f3 Kh8 16. c5 Ng8 17. Bb5 Qe7 18. Ne6 Qxh4 19. Nxf8 Be3+ 20. Kh1 Bf4 21. g3 Bxg3 22. Qc2 Nh5 23. Kg1 Bf4 24. Qf2 Qg5+ 25. Kh1 Qh6 26. Ne6 Bxe6 27. dxe6 Ng3+ 28. Kg2 Nxe4 29. fxe4 Qxh2+ 30. Kf3 Qh5+ 31. Kg2 Qg4+ 0-1

[Event "COL-chT"]
[Site "Ibague"]
[Date "2018.10.12"]
[Round "4.4"]
[White "Varela, Maria de los Angele"]
[Black "Cardozo Meza, Ferney Adan"]
[Result "1/2-1/2"]
[WhiteElo "1770"]
[BlackElo "1891"]
[PlyCount "102"]
[EventDate "2018.10.11"]
[EventType "team-swiss"]
[EventRounds "6"]
[EventCountry "COL"]
[SourceTitle "CBM 186 Extra"]
[Source "ChessBase"]
[SourceDate "2018.08.24"]
[SourceVersion "1"]
[SourceVersionDate "2018.08.24"]
[SourceQuality "1"]
[WhiteTeam "Antioquia II"]
[BlackTeam "Boyaca II"]
[WhiteTeamCountry "COL"]
[BlackTeamCountry "COL"]

1. e4 e5 2. Nf3 Nf6 3. Nxe5 d6 4. Nf3 Nxe4 5. Nc3 Nxc3 6. dxc3 Be7 7. Be3 Nc6 8. Qd2 Be6 9. Be2 Qd7 10. h3 a6 11. 0-0-0 0-0-0 12. Kb1 h6 13. Nd4 Bf6 14. Rhe1 Kb8 15. Bf3 Ne5 16. Be2 Bc4 17. f4 Bxe2 18. Qxe2 Nc6 19. Qc4 Na7 20. Nb3 Rhe8 21. Qd5 c6 22. Qd3 Qc7 23. a4 c5 24. Qd5 Nc6 25. g4 Bh4 26. Re2 Re6 27. Qf3 Qe7 28. Bf2 Rxe2 29. Bxh4 f6 30. g5 Qe4 31. Qxe4 Rxe4 32. gxh6 gxh6 33. Bxf6 Rd7 34. Nxc5 dxc5 35. Rxd7 Rxf4 36. Bg7 h5 37. Rd5 Rh4 38. Rd3 Rxa4 39. Bf6 Rf4 40. Bg5 Rf1+ 41. Ka2 Rf2 42. Kb1 Rf5 43. h4 Kc7 44. Re3 Kd7 45. Rd3+ Ke6 46. Re3+ Ne5 47. c4 b5 48. Ra3 Nxc4 49. Rxa6+ Kd5 50. Rh6 Rf1+ 51. Ka2 Rf2 1/2-1/2

[Event "Medellin Flores op 25th"]
[Site "Medellin"]
[Date "2018.08.05"]
[Round "5"]
[White "Toro Castaneda, Miguel Angel"]
[Black "Varela, Maria de los Angele"]
[Result "1/2-1/2"]
[WhiteElo "1939"]
[BlackElo "1800"]
[PlyCount "91"]
[EventDate "2018.08.03"]
[EventType "swiss"]
[EventRounds "9"]
[EventCountry "COL"]
[SourceTitle "CBM 185 Extra"]
[Source "ChessBase"]
[SourceDate "2018.07.29"]
[SourceVersion "1"]
[SourceVersionDate "2018.07.29"]
[SourceQuality "1"]

1. e4 c5 2. Nf3 e6 3. d4 cxd4 4. Nxd4 a6 5. Bd3 Bc5 6. Nb3 Ba7 7. 0-0 Nc6 8. c4 Nf6 9. Nc3 Qc7 10. Nd2 Ne5 11. Be2 h5 12. b3 b5 13. Bb2 b4 14. Na4 Bb7 15. c5 Nfg4 16. h3 Nf6 17. Bxe5 Qxe5 18. Nc4 Qc7 19. Nd6+ Kf8 20. Nxb7 Qxb7 21. Qd6+ Kg8 22. Bf3 Ne8 23. Qe7 Qc7 24. Rfd1 Rd8 25. Nb6 d6 26. Qxc7 Nxc7 27. Rxd6 Rxd6 28. cxd6 Bxb6 29. dxc7 Bxc7 30. Rc1 Be5 31. Rc5 Bb2 32. Bxh5 g6 33. Be2 Rh4 34. Bd3 Rf4 35. Rc4 a5 36. g3 Rf3 37. Rc8+ Kg7 38. Be2 Rc3 39. Ra8 Rc2 40. Kf1 Rc1+ 41. Kg2 Rc2 42. Kf3 Rc3+ 43. Kg4 Rc2 44. Kf3 Rc3+ 45. Kg4 Rc2 46. Kf3 1/2-1/2

[Event "Medellin Flores op 25th"]
[Site "Medellin"]
[Date "2018.08.03"]
[Round "1"]
[White "Betancourt Giraldo, David Rogelio"]
[Black "Varela, Maria de los Angele"]
[Result "1-0"]
[WhiteElo "2164"]
[BlackElo "1800"]
[PlyCount "43"]
[EventDate "2018.08.03"]
[EventType "swiss"]
[EventRounds "9"]
[EventCountry "COL"]
[SourceTitle "CBM 185 Extra"]
[Source "ChessBase"]
[SourceDate "2018.07.29"]
[SourceVersion "1"]
[SourceVersionDate "2018.07.29"]
[SourceQuality "1"]

1. d4 Nf6 2. g3 g6 3. Bg2 Bg7 4. e4 d6 5. Nc3 0-0 6. Nge2 c5 7. d5 a6 8. a4 Nbd7 9. 0-0 Rb8 10. Rb1 b5 11. axb5 axb5 12. b4 Ba6 13. h3 cxb4 14. Na2 b3 15. Rxb3 Nc5 16. Re3 Qa5 17. Ra3 Qc7 18. Nb4 Bb7 19. f3 Nfd7 20. Nd4 Na4 21. Ndc6 Nc3 22. Rxc3 1-0

[Event "Medellin Aristizabal Cup"]
[Site "Medellin"]
[Date "2018.07.05"]
[Round "2"]
[White "Franco, William"]
[Black "Varela, Maria de los Angele"]
[Result "1-0"]
[WhiteElo "2094"]
[BlackElo "1880"]
[PlyCount "39"]
[EventDate "2018.07.04"]
[EventType "swiss"]
[EventRounds "7"]
[EventCountry "COL"]
[SourceTitle "CBM 185 Extra"]
[Source "ChessBase"]
[SourceDate "2018.07.29"]
[SourceVersion "1"]
[SourceVersionDate "2018.07.29"]
[SourceQuality "1"]

1. c4 Nf6 2. g3 g6 3. Nc3 Bg7 4. Bg2 0-0 5. e4 d6 6. d4 c5 7. Nge2 Nc6 8. dxc5 dxc5 9. Be3 Be6 10. b3 Qa5 11. 0-0 Rad8 12. Nd5 Rd7 13. Qc1 Ng4 14. Bd2 Qd8 15. h3 Nge5 16. Bh6 Nd3 17. Qe3 Ndb4 18. Bxg7 Kxg7 19. Qxc5 Kg8 20. Nxb4 1-0

[Event "COL pre olympic sf3"]
[Site "Dosquebradas"]
[Date "2018.06.04"]
[Round "10"]
[White "Varela, Maria de los Angele"]
[Black "Pachon Gutierrez, Adriana Paola"]
[Result "0-1"]
[WhiteElo "1794"]
[BlackElo "1933"]
[PlyCount "60"]
[EventDate "2018.05.30"]
[EventType "swiss"]
[EventRounds "10"]
[EventCountry "COL"]
[SourceTitle "CBM 184 Extra"]
[Source "ChessBase"]
[SourceDate "2018.06.28"]
[SourceVersion "1"]
[SourceVersionDate "2018.06.28"]
[SourceQuality "1"]

1. d4 f5 2. g3 e6 3. Bg2 Nf6 4. Nf3 Nc6 5. c4 Bb4+ 6. Nbd2 0-0 7. 0-0 Bxd2 8. Bxd2 d6 9. b4 Qe8 10. Re1 Ne4 11. a3 Ne7 12. Bc1 Ng6 13. Bb2 f4 14. Qc2 Nf6 15. Qc3 Nd7 16. Ng5 Rf5 17. d5 Nde5 18. Nxe6 Bxe6 19. dxe6 c6 20. Rad1 Rd8 21. h4 Qe7 22. Qc2 Rh5 23. Qa4 Rf8 24. Qxa7 Nxc4 25. Bc1 Nxh4 26. Bxc6 fxg3 27. fxg3 Qxe6 28. Qxb7 Qh3 29. Bd5+ Kh8 30. Bg2 Qh2+ 0-1